<?xml version="1.0" encoding="UTF-8"?><?xml-stylesheet type="text/xsl" href="static/style.xsl"?><OAI-PMH xmlns="http://www.openarchives.org/OAI/2.0/" xmlns:xsi="http://www.w3.org/2001/XMLSchema-instance" xsi:schemaLocation="http://www.openarchives.org/OAI/2.0/ http://www.openarchives.org/OAI/2.0/OAI-PMH.xsd"><responseDate>2026-06-29T02:44:10Z</responseDate><request verb="GetRecord" identifier="oai:docta.ucm.es:20.500.14352/61320" metadataPrefix="marc">https://docta.ucm.es/rest/oai/request</request><GetRecord><record><header><identifier>oai:docta.ucm.es:20.500.14352/61320</identifier><datestamp>2023-09-13T06:35:46Z</datestamp><setSpec>com_20.500.14352_14</setSpec><setSpec>col_20.500.14352_22</setSpec></header><metadata><record xmlns="http://www.loc.gov/MARC21/slim" xmlns:dcterms="http://purl.org/dc/terms/" xmlns:xsi="http://www.w3.org/2001/XMLSchema-instance" xmlns:doc="http://www.lyncode.com/xoai" xsi:schemaLocation="http://www.loc.gov/MARC21/slim http://www.loc.gov/standards/marcxml/schema/MARC21slim.xsd">
   <leader>00925njm 22002777a 4500</leader>
   <datafield ind2=" " ind1=" " tag="042">
      <subfield code="a">dc</subfield>
   </datafield>
   <datafield ind2=" " ind1=" " tag="720">
      <subfield code="a">Valverde Palomino, José Luis</subfield>
      <subfield code="e">author</subfield>
   </datafield>
   <datafield ind2=" " ind1=" " tag="260">
      <subfield code="c">2002</subfield>
   </datafield>
   <datafield ind2=" " ind1=" " tag="520">
      <subfield code="a">Se ha estudiado la obtención selectiva de p-xileno a partir de la reacción de alquilación de tolueno con metanol, utilizando catalizadores de zeolita zsm-5 modificados. Los experimentos se realizaron en una instalación constituida por un reactor de lecho fijo y provista de un adecuado sistema para la medida y control de las variables de operación. El estudio de los diferentes agentes modificadores se seleccionó como mejor agente el magnesio, y como proporción mas adecuada en el catalizador 1.1%. El estudio cinético del catalizador definitivo, puso de manifiesto la influencia de las etapas difusionales de reaccionantes y productos. Por último, se investigó la cinética de desactivación del catalizador definitivo, teniendo en cuenta un mecanismo paralelo en el que el metanol era el precursor del coque. La resolucion del modelo permitió deducir la existencia de una mayor velocidad de desactivación para las reacciones que se producían en el interior de la estructura que para aquellas que lo hacían en el exterior, como consecuencia de la acción bloqueante de moléculas de coque situadas en las cavidades de la zeolita.</subfield>
   </datafield>
   <datafield ind1="8" ind2=" " tag="024">
      <subfield code="a">978-84-669-0855-9</subfield>
   </datafield>
   <datafield ind1="8" ind2=" " tag="024">
      <subfield code="a">https://hdl.handle.net/20.500.14352/61320</subfield>
   </datafield>
   <datafield ind2="0" ind1="0" tag="245">
      <subfield code="a">Alquilación de tolueno con metanol mediante catalizadores de zeolita ZSM-5 modificados</subfield>
   </datafield>
</record></metadata></record></GetRecord></OAI-PMH>